E-commerce expertise. (Record no. 61332)

MARC details
000 -LEADER
fixed length control field 00729cam a2200169 4500
001 - CONTROL NUMBER
control field WB3528-42
008 - FIXED-LENGTH DATA ELEMENTS--GENERAL INFORMATION
fixed length control field 000000n1999 000 0 eng u
035 ## - SYSTEM CONTROL NUMBER
System control number (Sirsi) u102307
245 ## - TITLE STATEMENT
Title E-commerce expertise.
260 ## - PUBLICATION, DISTRIBUTION, ETC.
Date of publication, distribution, etc. 1999
490 ## - SERIES STATEMENT
Series statement Guardian
Volume/sequential designation 21 July 1999, 23(1)
520 ## - SUMMARY, ETC.
Summary, etc. A study from the Boston Consulting Group shows that the number of consumers buying on the net increased fourfold in 1998, while online orders tripled. Internet sales accounted for 0.5% of all retail transactions; 62% of the $14.9bn online revenues were from retailers who predated the web. Chart.
650 ## - SUBJECT ADDED ENTRY--TOPICAL TERM
Topical term or geographic name entry element ELECTRONIC COMMERCE
650 ## - SUBJECT ADDED ENTRY--TOPICAL TERM
Topical term or geographic name entry element INTERNET
690 ## - LOCAL SUBJECT ADDED ENTRY--TOPICAL TERM (OCLC, RLIN)
Topical term or geographic name as entry element MANAGEMENT-BUSINESS MANAGEMENT-INFORMATION MANAGEMENT
942 ## - ADDED ENTRY ELEMENTS (KOHA)
Suppress in OPAC 0
Holdings
Withdrawn status Lost status Source of classification or shelving scheme Damaged status Not for loan Home library Current library Shelving location Date acquired Total Checkouts Full call number Barcode Date last seen Copy number Price effective from Koha item type
    Dewey Decimal Classification     London London News article 19/11/1999   WB3528-42 102307-1001 06/08/2019 1 06/08/2019 News article